| 000 | 00874cas a2200289 i 4500 | ||
|---|---|---|---|
| 001 | 200459835 | ||
| 003 | TR-AnTOB | ||
| 005 | 20241219141622.0 | ||
| 007 | ta | ||
| 008 | 240326c20229999engqr|p ||| 00| 0 tur d | ||
| 040 |
_aTR-AnTOB _beng _erda _cTR-AnTOB |
||
| 041 | 0 | _aeng | |
| 050 | 1 | _aQ80.T8 | |
| 099 | _aJOURNAL PS QUA | ||
| 222 | 0 | 0 | _aPS Quarterly |
| 245 | 0 | 0 | _aPS Quarterly. |
| 264 | 1 |
_a[Place of publication not identified] : _bProject Syndicate, _c2022- |
|
| 300 |
_avolumes : _billustrations, tables ; _c31 cm |
||
| 336 |
_2rdacontent _atext _btxt |
||
| 337 |
_2rdamedia _aunmediated _bn |
||
| 338 |
_2rdacarrier _avolume _bnc |
||
| 650 | 7 |
_aBilim _vSüreli yayınlar _968363 |
|
| 650 | 7 |
_aSosyal bilimler _vSüreli yayınlar _2etuturkob _993212 |
|
| 856 | _uhttps://magazines1.project-syndicate.org/issues | ||
| 942 |
_2lcc _cCR _s1 |
||
| 999 |
_c200459835 _d78047 |
||